South-west (Record no. 77258)

MARC details
000 -LEADER
fixed length control field 00882cab a2200241 4500
001 - CONTROL NUMBER
control field ##L133921
008 - FIXED-LENGTH DATA ELEMENTS--GENERAL INFORMATION
fixed length control field 060620n2006 000 0 eng u
035 ## - SYSTEM CONTROL NUMBER
System control number (Sirsi) u133921
041 0# - LANGUAGE CODE
Language code of text/sound track or separate title eng
100 1# - MAIN ENTRY--PERSONAL NAME
Personal name Eade, Christine
245 00 - TITLE STATEMENT
Title South-west
Remainder of title regional
260 ## - PUBLICATION, DISTRIBUTION, ETC.
Date of publication, distribution, etc. 2006
490 #0 - SERIES STATEMENT
Series statement Property Week
Volume/sequential designation 71(24) 16 June 2006, 73-84(6)
520 ## - SUMMARY, ETC.
Summary, etc. Looks at the approaching opening of Plymouth's Drake Circus shopping centre after years of problems; the transformation of Exeter's retail offering, with independent retailers queuing for space at the Princesshay centre; and regeneration initiatives in Weston-super-Mare.
590 ## - LOCAL NOTE (RLIN)
Local note IKA040706
651 #4 - SUBJECT ADDED ENTRY--GEOGRAPHIC NAME
Geographic name SOUTH WEST ENGLAND
651 #4 - SUBJECT ADDED ENTRY--GEOGRAPHIC NAME
Geographic name PLYMOUTH
651 #4 - SUBJECT ADDED ENTRY--GEOGRAPHIC NAME
Geographic name EXETER
651 #4 - SUBJECT ADDED ENTRY--GEOGRAPHIC NAME
Geographic name WESTON-SUPER-MARE
690 ## - LOCAL SUBJECT ADDED ENTRY--TOPICAL TERM (OCLC, RLIN)
Topical term or geographic name as entry element PROPERTY-COMMERCIAL PROPERTY-COMMERCIAL PROPERTY MARKET
700 1# - ADDED ENTRY--PERSONAL NAME
Personal name Watts, Tony
942 ## - ADDED ENTRY ELEMENTS (KOHA)
Suppress in OPAC 0
Holdings
Withdrawn status Lost status Source of classification or shelving scheme Damaged status Not for loan Home library Current library Shelving location Date acquired Total Checkouts Full call number Barcode Date last seen Copy number Price effective from Koha item type
    Dewey Decimal Classification     London London Journal article 20/06/2006   L133921 133921-1001 06/08/2019 1 06/08/2019 Journal article